| 000 | 01438cam a2200349 a 4500 | ||
|---|---|---|---|
| 001 | EDZ0000067540 | ||
| 003 | StDuBDS | ||
| 005 | 20161031105117.0 | ||
| 006 | m||||||||d|||||||| | ||
| 007 | cr ||||||||||| | ||
| 008 | 120405s2004 enk fo| 001|0|eng d | ||
| 020 |
_a9781446215081 (ebook) : _cNo price |
||
| 040 |
_aStDuBDS _beng _cStDuBDS _epn |
||
| 049 | _aAlfaisal Main Library | ||
| 050 | 0 |
_aLB1072 _b.W43 2004 |
|
| 082 | 0 | 4 |
_a370.153 _223 |
| 100 | 1 |
_aWeare, Katherine, _d1950- |
|
| 245 | 1 | 0 |
_aDeveloping the emotionally literate school _h[electronic resource] / _cKatherine Weare. |
| 260 |
_aLondon : _bPaul Chapman, _cc2004. |
||
| 300 | _a1 online resource (xii, 222 p.) | ||
| 504 | _aIncludes bibliographical references and index. | ||
| 520 | 8 | _aA practical and up-to-date account of ways in which schools can use emotional literacy to realise their goals of school improvement and effectiveness, increased learning, more efficient management of teaching and learning, and improved relationships. | |
| 521 | _aSpecialized. | ||
| 588 | _aDescription based on print version record. | ||
| 650 | 0 | _aAffective education. | |
| 650 | 0 | _aEmotional intelligence. | |
| 655 | 7 |
_aElectronic books. _2local |
|
| 710 | 2 | _aSage eBooks | |
| 776 | 0 | 8 |
_iPrint version : _z9780761940869 |
| 856 | 4 | 0 | _uhttp://ezproxy.alfaisal.edu/login?url=http://sk.sagepub.com/books/developing-the-emotionally-literate-school |
| 942 |
_2lcc _cEBOOKS |
||
| 999 |
_c479504 _d479504 |
||